| 000 | 00000nam 2200000za 4500 |
| 001 | 9.669694 |
| 003 | CaOODSP |
| 005 | 20250120135123 |
| 007 | ta |
| 008 | 150407|2008||||xxc||||| f|0| 0 fre d |
| 020 | |a978-0-660-63656-6 |
| 040 | |aCaOODSP|bfre |
| 041 | |aeng |
| 041 | |afre |
| 043 | |an-cn--- |
| 086 | 1 |aNM24-20/2008 |
| 110 | 2 |aMusée canadien des civilisations. |
| 245 | 10|aMusée canadien des civilisations : |bphotographies / |cpar Malak ; avec hotographies additionnelles par Hans Blohm, Steven Darby, Harry Foster; introduction par Victor Rabinovitch. |
| 250 | |a7e éd. Réimprimé 2008 |
| 260 | |aOttawa - Ontario : |bMusée canadien des civilisations |cc2008. |
| 300 | |a[103]p. : |bphotographies ; |c22 cm. |
| 500 | |a«Malak Karsh : 1915-2001»--Couverture. |
| 563 | |aCouverture souple |
| 590 | |a08-20|b2008-05-16 |
| 691 | 07|aPatrimoine culturel|2gcpds |
| 691 | 07|aPhotographie|2gcpds |
| 720 | 1 |aKarsh, Malak |
| 776 | 0#|tThe Canadian Museum of Civilization / |w(CaOODSP)9.947137 |
| 791 | |tThe Canadian Museum of Civilization : |eeng|w(CaOODSP)9.669693 |